Catalog

Record Details

Catalog Search



Picketwire vaquero : one family's western odyssey Cover Image Book Book

Picketwire vaquero : one family's western odyssey/ James D. Crownover.

Summary:

"Jesse Meeker and Riley Fourkiller establish the first ranches along Osage Creek in northwest Arkansas, where they raise horses and mules. Jesse helps Captain Randolph Marcy blaze the 1849 California Trail and chases the murderers of Lieutenant Harrison, grandson of President Harrison. Back home, the family has to deal with nightriding hoodlums and after an attack on their home, Jesse sells out and moves his family back to the Village on the Middle Fork. The family first travel the Cherokee Trail (not the Trail of Tears) west with gold-seeking Cherokees. They stay at Bent&#x;s New Fort, trading horses and mules with travelers on the Santa Fe Trail. Zenas and brother Jake stay, managing William Bent&#x;s horse herd. Then the Civil War erupts, and things get even more unsettled for the family&#x;." -- Amazon.com.

Record details

  • ISBN: 9781432832919
  • ISBN: 1432832913
  • Physical Description: 323 pages ; 23 cm.
  • Edition: First edition.
  • Publisher: Waterville, Maine : Five Star, A part of Gale Cengage Learning, ©2016
Subject: Families > Fiction.
Frontier and pioneer life > Fiction.
Genre: Western fiction.
Historical fiction.

Available copies

  • 1 of 1 copy available at scottsboropl.

Holds

  • 0 current holds with 1 total copy.
Show Only Available Copies
Location Call Number / Copy Notes Barcode Shelving Location Status Due Date
scottsboropl F Cro 32269000995780 Adult - Fiction Available -

LDR 02066nam a22003738i 4500
001142172
003CONS
00520160929132224.0
008160222t20162016meu 000 1 eng
010 . ‡a 2016004078
020 . ‡a9781432832919 ‡q(hardback)
020 . ‡a1432832913 ‡q(hardback)
035 . ‡a(CPomAG)LMN596584
042 . ‡apcc
05000. ‡aPS3603.R765 ‡bP53 2016
08200. ‡a813/.6 ‡223
1001 . ‡aCrownover, James D., ‡eauthor.
24510. ‡aPicketwire vaquero : ‡bone family's western odyssey/ ‡cJames D. Crownover.
250 . ‡aFirst edition.
264 1. ‡aWaterville, Maine : ‡bFive Star, A part of Gale Cengage Learning, ‡c©2016
300 . ‡a323 pages ; ‡c23 cm.
336 . ‡atext ‡btxt ‡2rdacontent
337 . ‡aunmediated ‡bn ‡2rdamedia
338 . ‡avolume ‡bnc ‡2rdacarrier
4901 . ‡aFive trails West ; ‡v3
520 . ‡a"Jesse Meeker and Riley Fourkiller establish the first ranches along Osage Creek in northwest Arkansas, where they raise horses and mules. Jesse helps Captain Randolph Marcy blaze the 1849 California Trail and chases the murderers of Lieutenant Harrison, grandson of President Harrison. Back home, the family has to deal with nightriding hoodlums and after an attack on their home, Jesse sells out and moves his family back to the Village on the Middle Fork. The family first travel the Cherokee Trail (not the Trail of Tears) west with gold-seeking Cherokees. They stay at Bent&#x;s New Fort, trading horses and mules with travelers on the Santa Fe Trail. Zenas and brother Jake stay, managing William Bent&#x;s horse herd. Then the Civil War erupts, and things get even more unsettled for the family&#x;." -- Amazon.com.
650 0. ‡aFamilies ‡vFiction.
650 0. ‡aFrontier and pioneer life ‡vFiction.
655 7. ‡aWestern fiction. ‡2lcgft
655 7. ‡aHistorical fiction. ‡2lcgft
8001 . ‡aCrownover, James D. ‡tFive Trails West ; ‡v3.
914 . ‡aSCP_jd
959 . ‡i32269000995780 ‡lF Cro ‡aAdult - Fiction ‡tFiction ‡g26.00
852 . ‡p32269000995780 ‡jF Cro ‡gAdult - Fiction ‡cFiction ‡y26.00 ‡bSBPL
901 . ‡a142172 ‡bUnknown ‡c142172 ‡tbiblio

Additional Resources